000 00310nam a22000857a 4500
082 _aNR:62(083.74)AST2022
_bANN.2
245 _aAnnual book of ASTM standards. Vol.09.02.2022-Rubber products, industrial specification and related test methods, gaskets, tires
260 _aUSA
_bASTM International
_c2022
942 _cBK
999 _c74937
_d74937